[Event "I Festival Alpi del Mare"]
[Site "Cuneo ITA"]
[Date "2015.04.26"]
[Round "4"]
[White "Dragojlovic, Andjelko"]
[Black "Zimina, Olga"]
[WhiteElo "2330"]
[BlackElo "2327"]
[Result "0-1"]
[PlyCount "70"]
[EventDate "2015.04.24"]

1. e4 e5 2. Nf3 Nc6 3. c3 Nf6 4. d3 Be7 5. b4 d6 6. Be2 a5 7. b5 Nb8 8. O-O O-O
9. a4 Nbd7 10. Re1 Re8 11. Bf1 Nf8 12. d4 Ng6 13. Nbd2 h6 14. Nc4 exd4 15. cxd4
d5 16. e5 Ne4 17. Ne3 Bb4 18. Bd2 Nxd2 19. Nxd2 Bc3 20. Rc1 Bxd4 21. Nf3 Bxe3
22. Rxe3 Bg4 23. Be2 Nf4 24. h3 Bh5 25. Kh2 f6 26. exf6 Qxf6 27. Bf1 Qd6 28.
Kg1 Rxe3 29. fxe3 Ne6 30. Be2 Rf8 31. Qe1 Qb6 32. Qf2 Ng5 33. Kh1 Ne4 34. Qh4
Qxe3 35. Rxc7 Qxe2 0-1

[Event "I Festival Alpi del Mare"]
[Site "Cuneo ITA"]
[Date "2015.04.26"]
[Round "4"]
[White "Ljubisavljevic, Zivojin Z."]
[Black "Djuric, Stefan"]
[WhiteElo "2172"]
[BlackElo "2385"]
[Result "0-1"]
[PlyCount "68"]
[EventDate "2015.04.24"]

1. c4 c5 2. Nc3 g6 3. g3 Bg7 4. Bg2 Nc6 5. e4 d6 6. d3 Nf6 7. Nge2 O-O 8. O-O
Bd7 9. h3 a6 10. a4 Ne8 11. g4 Nc7 12. f4 Rb8 13. f5 b5 14. axb5 axb5 15. cxb5
Nxb5 16. Nd5 e6 17. Ne3 Nbd4 18. Nxd4 Nxd4 19. Ra7 Bb5 20. fxe6 fxe6 21. Nc4
Nc6 22. Ra3 Bxc4 23. dxc4 Bxb2 24. Bxb2 Rxb2 25. Raf3 Rxf3 26. Qxf3 Ne5 27. Qg3
Rb7 28. g5 Rf7 29. h4 Qf8 30. Rxf7 Qxf7 31. Qb3 Qf4 32. Qb8+ Kg7 33. Qb7+ Qf7
34. Qb2 h5 0-1

[Event "I Festival Alpi del Mare"]
[Site "Cuneo ITA"]
[Date "2015.04.26"]
[Round "5"]
[White "Djuric, Stefan"]
[Black "Zimina, Olga"]
[WhiteElo "2385"]
[BlackElo "2327"]
[Result "1/2-1/2"]
[PlyCount "41"]
[EventDate "2015.04.24"]

1. e4 e5 2. Nf3 Nc6 3. Bb5 a6 4. Ba4 Nf6 5. O-O Be7 6. Re1 b5 7. Bb3 d6 8. c3
O-O 9. h3 Nb8 10. d3 c5 11. a4 Bb7 12. axb5 axb5 13. Rxa8 Bxa8 14. Na3 Bc6 15.
Bg5 Nbd7 16. Nc2 Nb6 17. Ne3 Nfd7 18. Bxe7 Qxe7 19. Nf5 Qf6 20. Nh2 d5 21. Ng4
1/2-1/2

[Event "I Festival Alpi del Mare"]
[Site "Cuneo ITA"]
[Date "2015.04.26"]
[Round "5"]
[White "Sorcinelli, Francesco"]
[Black "Passerotti, Pierluigi"]
[WhiteElo "2160"]
[BlackElo "2256"]
[Result "0-1"]
[PlyCount "42"]
[EventDate "2015.04.24"]

1. Nf3 d5 2. c4 e6 3. g3 Nf6 4. Bg2 c6 5. b3 Nbd7 6. O-O b5 7. Qc2 Bb7 8. d3
Be7 9. Nbd2 O-O 10. Bb2 Qb6 11. e4 Rfc8 12. Rae1 a5 13. a4 Ba6 14. exd5 cxd5
15. axb5 Bxb5 16. Bd4 Qb7 17. Qb2 Bc6 18. Ng5 a4 19. Nxe6 fxe6 20. Rxe6 Nf8 21.
Bxf6 Bxf6 0-1

[Event "XV C.to Europeo Seniores Over 50"]
[Site "Eretria GRE"]
[Date "2015.04.29"]
[Round "1"]
[White "Yasin, Hur"]
[Black "Bellia, Fabrizio"]
[WhiteElo "2096"]
[BlackElo "2433"]
[Result "0-1"]
[PlyCount "104"]
[EventDate "2015.04.29"]

1. e4 e5 2. Nf3 Nc6 3. Bb5 a6 4. Ba4 Nf6 5. d4 exd4 6. O-O Be7 7. Re1 b5 8. Bb3
d6 9. Bd5 Nxd5 10. exd5 Ne5 11. Nxd4 O-O 12. a4 Bg4 13. f3 Bd7 14. Nc3 b4 15.
Ne4 Qb8 16. b3 Qb7 17. Bb2 Rae8 18. c4 bxc3 19. Nxc3 Nc4 20. bxc4 Qxb2 21. Qd3
Bh4 22. g3 Rxe1+ 23. Rxe1 Bf6 24. Nde2 Re8 25. Ne4 Bxa4 26. Kf1 Bd7 27. Rb1 Qe5
28. Rb7 Bd8 29. Kf2 h5 30. h4 a5 31. Ra7 a4 32. N4c3 g6 33. Qd4 Qf5 34. Ne4 Qh3
35. Kg1 Qf5 36. Kf2 Qe5 37. Qxe5 Rxe5 38. Nxd6 cxd6 39. Rxd7 Bb6+ 40. Kf1 a3
41. Nc1 Be3 42. Rd8+ Kg7 43. Nb3 Re7 44. Ra8 Ba7 45. Na1 Kf6 46. Nc2 a2 47. Na1
Rb7 48. Ke2 Rb1 49. Nc2 a1=Q 50. Nxa1 Rxa1 51. c5 dxc5 52. d6 Ke6 0-1

[Event "XV C.to Europeo Seniores Over 50"]
[Site "Eretria GRE"]
[Date "2015.04.30"]
[Round "2"]
[White "Bellia, Fabrizio"]
[Black "Molchanov, Nikolay"]
[WhiteElo "2433"]
[BlackElo "2153"]
[Result "1-0"]
[PlyCount "73"]
[EventDate "2015.04.29"]

1. e4 d6 2. d4 Nf6 3. Nc3 c6 4. Nf3 Bg4 5. h3 Bxf3 6. Qxf3 e5 7. dxe5 dxe5 8.
Bc4 Bb4 9. O-O O-O 10. Rd1 Qc7 11. Ne2 Nbd7 12. a3 Be7 13. Ng3 b5 14. Ba2 g6
15. Bh6 Rfe8 16. Bxf7+ Kxf7 17. Qb3+ Nd5 18. exd5 Nc5 19. Qf3+ Kg8 20. b4 Bf8
21. Bg5 e4 22. Qg4 Nd7 23. Nxe4 Bg7 24. d6 Qb7 25. Rab1 h6 26. Be7 Kh7 27. Qe6
Rad8 28. h4 c5 29. h5 Ne5 30. hxg6+ Nxg6 31. Nxc5 Qa8 32. Qf5 Rg8 33. d7 Rdf8
34. Bxf8 Rxf8 35. Qxf8 Qxf8 36. d8=Q Qf5 37. Qd7 1-0

[Event "XV C.to Europeo Seniores Over 50"]
[Site "Eretria GRE"]
[Date "2015.05.01"]
[Round "3"]
[White "Kalegin, Evgenij"]
[Black "Bruno, Fabio"]
[WhiteElo "2457"]
[BlackElo "2418"]
[Result "0-1"]
[PlyCount "134"]
[EventDate "2015.04.29"]

1. e4 e6 2. d4 d5 3. Nc3 Bb4 4. e5 Ne7 5. a3 Bxc3+ 6. bxc3 b6 7. h4 Ba6 8. Bd3
Bxd3 9. cxd3 c5 10. Qg4 Nf5 11. Nf3 Nc6 12. dxc5 bxc5 13. O-O Rb8 14. Be3 Qb6
15. c4 d4 16. Bd2 h6 17. Qe4 Kd7 18. Rfd1 Qd8 19. Rab1 Qe7 20. h5 a6 21. Bf4
Qd8 22. Nd2 Qa5 23. Qf3 Kc7 24. Ne4 Rxb1 25. Rxb1 Rb8 26. Rxb8 Kxb8 27. Nd6
Nxd6 28. exd6 Kb7 29. Kh2 Qd8 30. Bg3 Qd7 31. Qg4 f6 32. Qg6 Kb6 33. Qh7 Qf7
34. Kg1 Nd8 35. Qe4 Qb7 36. Qg6 Qd7 37. Qe4 Nb7 38. Qh7 Ka5 39. Bf4 Nxd6 40.
Bxd6 Qxd6 41. Qxg7 Qf4 42. g3 Qc1+ 43. Kg2 Qxa3 44. Qxh6 Qxd3 45. Qxf6 Kb4 46.
Qxe6 Qxc4 47. Qd6 d3 48. h6 Qe4+ 49. Kh2 Qd4 50. Qxd4+ cxd4 51. h7 d2 52. h8=Q
d1=Q 53. Qb8+ Kc3 54. Qc8+ Kb2 55. Qxa6 d3 56. Qf6+ Kb1 57. Qb6+ Kc1 58. Qb4
Qf3 59. Qc3+ Kd1 60. Kg1 Qd5 61. Qb2 Qc4 62. Qb1+ Ke2 63. Qb2+ d2 64. Qe5+ Kd3
65. Qf5+ Kc3 66. Qb1 Qb3 67. Qa1+ Kc2 0-1

[Event "XV C.to Europeo Seniores Over 50"]
[Site "Eretria GRE"]
[Date "2015.05.01"]
[Round "3"]
[White "Sturua, Zurab"]
[Black "Bellia, Fabrizio"]
[WhiteElo "2536"]
[BlackElo "2433"]
[Result "1-0"]
[PlyCount "79"]
[EventDate "2015.04.29"]

1. d4 Nf6 2. c4 e6 3. Nc3 Bb4 4. e3 O-O 5. Nge2 d5 6. a3 Be7 7. cxd5 exd5 8. g3
Nbd7 9. Bg2 Nb6 10. O-O a5 11. Qc2 g6 12. a4 Bf5 13. Qd1 Qd7 14. Nf4 Bb4 15.
Nce2 Rfe8 16. b3 h5 17. f3 Qc6 18. Ra2 Nbd7 19. h3 g5 20. Nd3 Qe6 21. g4 hxg4
22. hxg4 Bg6 23. Nxb4 axb4 24. Qe1 Qe7 25. Qg3 Rac8 26. e4 dxe4 27. Bxg5 e3 28.
f4 Be4 29. Qh4 Bxg2 30. Ng3 e2 31. Rxe2 Qxe2 32. Nxe2 Bxf1 33. Bxf6 Nxf6 34.
Qg5+ Kf8 35. Ng3 Bd3 36. Qxf6 Re1+ 37. Kf2 Ree8 38. f5 Rcd8 39. Qh6+ Ke7 40.
Qe3+ 1-0

[Event "XV C.to Europeo Seniores Over 50"]
[Site "Eretria GRE"]
[Date "2015.05.02"]
[Round "4"]
[White "Bellia, Fabrizio"]
[Black "Kasoshvili, Tsiala"]
[WhiteElo "2433"]
[BlackElo "2179"]
[Result "1-0"]
[PlyCount "105"]
[EventDate "2015.04.29"]

1. e4 d5 2. exd5 Qxd5 3. Nc3 Qd8 4. d4 e6 5. Nf3 Nf6 6. g3 Be7 7. Bg2 O-O 8.
O-O Nbd7 9. Qe2 Nb6 10. Rd1 Nbd5 11. Ne5 Nxc3 12. bxc3 Nd5 13. Bb2 c6 14. c4
Nb6 15. a4 a5 16. c5 Nd5 17. c4 Nb4 18. Bc3 f6 19. Nf3 b6 20. cxb6 Qxb6 21. Nd2
Ra7 22. Nb3 Nd5 23. Be1 Nb4 24. Bh3 f5 25. Rab1 c5 26. Bc3 Qc6 27. Nxc5 Bxc5
28. Bg2 Qxa4 29. dxc5 Raf7 30. f4 Bd7 31. Rd2 Bc8 32. c6 Qa3 33. Be5 Re8 34. c7
Na6 35. Bd6 Qa4 36. c5 Nxc7 37. Qe5 Nd5 38. Ra1 Qb5 39. Rb2 Qd3 40. Bf1 Qf3 41.
Be2 Qc3 42. Rb8 Qxe5 43. Bxe5 Ra7 44. Bb5 Rd8 45. c6 Kf7 46. h4 g6 47. Bd4 Rc7
48. Rxa5 Ne7 49. Bb6 Rd1+ 50. Kf2 Nxc6 51. Bxc7 Nxb8 52. Bxb8 Rd5 53. Ra7+ 1-0

[Event "XV C.to Europeo Seniores Over 50"]
[Site "Eretria GRE"]
[Date "2015.05.02"]
[Round "4"]
[White "Bruno, Fabio"]
[Black "Arkell, Keith C."]
[WhiteElo "2418"]
[BlackElo "2493"]
[Result "0-1"]
[PlyCount "206"]
[EventDate "2015.04.29"]

1. d4 Nf6 2. c4 e6 3. Nf3 b6 4. g3 Ba6 5. Qc2 b5 6. cxb5 Bxb5 7. Nc3 Ba6 8. Bg2
Be7 9. Ne5 c6 10. O-O O-O 11. b3 Qc7 12. Bb2 d6 13. Nd3 Bxd3 14. Qxd3 d5 15.
Rac1 Nbd7 16. Na4 Nb6 17. Nc5 Nfd7 18. Nxd7 Nxd7 19. Rc2 Rfc8 20. Rfc1 Qb7 21.
e4 g6 22. Bf1 dxe4 23. Qxe4 Nf6 24. Qf3 Nd5 25. Bc4 a5 26. a3 Bf8 27. h4 Bh6
28. Rd1 Rd8 29. h5 Qe7 30. hxg6 hxg6 31. Bd3 Rab8 32. Bc4 Bg5 33. Bxd5 cxd5 34.
Rc5 Rdc8 35. Qc3 Qb7 36. Rd3 Bf6 37. Qc2 Be7 38. Re3 Bxc5 39. dxc5 d4 40. Bxd4
Qd5 41. Qc3 e5 42. Rxe5 Qxb3 43. Qd2 Qf3 44. Re1 Rd8 45. Qe3 Qxe3 46. fxe3 Rdc8
47. Kf2 f6 48. Kf3 Kf7 49. Ke4 Ke6 50. Rf1 f5+ 51. Kf4 Rb3 52. Kg5 a4 53. Rh1
Rxa3 54. Rh6 Rg8 55. Rh7 Ra2 56. Ra7 Rg2 57. Ra6+ Kd5 58. Rxa4 Rxg3+ 59. Kf4
Rg4+ 60. Kf3 Rh8 61. Ra6 Rh3+ 62. Ke2 Kc4 63. Ra4+ Kb5 64. Ra1 Rh7 65. Rb1+ Kc6
66. Rb6+ Kd5 67. Kd3 Rd7 68. Rf6 Rg3 69. Kc3 Rd8 70. Kd3 Rg2 71. Kc3 Ke4 72.
Re6+ Kf3 73. Rf6 Rg1 74. c6 Ke4 75. c7 Rc1+ 76. Kd2 Rxc7 77. Re6+ Kf3 78. Rxg6
Rf7 79. Ra6 Rb8 80. Ra3 Rfb7 81. Kc3 Ke4 82. Ra4 Rb3+ 83. Kd2 R3b4 84. Ra5 R8b5
85. Ra8 Kf3 86. Rf8 Ra4 87. Kc3 Ra6 88. Kc4 Rba5 89. Bc5 Kg4 90. Rg8+ Kh5 91.
Bd4 Rg6 92. Rh8+ Kg4 93. Rh1 Rc6+ 94. Kb4 Rd5 95. Rg1+ Kf3 96. Rf1+ Ke4 97.
Rf4+ Kd3 98. Ba7 Rc8 99. Bd4 Rc4+ 100. Kb3 Rb5+ 101. Ka3 Ke2 102. Rh4 Rc8 103.
Ka4 Rb7 0-1

[Event "XV C.to Europeo Seniores Over 50"]
[Site "Eretria GRE"]
[Date "2015.05.03"]
[Round "5"]
[White "Petran, Peter"]
[Black "Bellia, Fabrizio"]
[WhiteElo "2362"]
[BlackElo "2433"]
[Result "1/2-1/2"]
[PlyCount "120"]
[EventDate "2015.04.29"]

1. Nf3 d5 2. c4 e6 3. b3 Nf6 4. Bb2 c5 5. g3 d4 6. b4 a6 7. d3 Nc6 8. bxc5 Bxc5
9. Nbd2 O-O 10. Bg2 e5 11. O-O h6 12. Nb3 Ba7 13. Nfd2 Re8 14. Ba3 Bf5 15. c5
Be6 16. Qc2 Bd5 17. Bh3 e4 18. Nc4 exd3 19. exd3 Ne5 20. Nbd2 Nfg4 21. Nd6 Qg5
22. Bg2 Bxg2 23. Kxg2 Nxh2 24. N6e4 Qh5 25. Rh1 Neg4 26. Nf3 f5 27. Nxh2 fxe4
28. dxe4 Nxh2 29. Rxh2 Qe5 30. Rb1 Rac8 31. Rxb7 Bxc5 32. Bxc5 Rxc5 33. Qb3+
Kh7 34. Rh4 Rb5 35. Qf7 Rxb7 36. Qxb7 Rd8 37. Rh1 d3 38. Rd1 d2 39. f3 Rd6 40.
Qf7 Rf6 41. Qd5 Qxd5 42. exd5 Kg8 43. f4 Rb6 44. Rxd2 Kf7 45. Kf3 Ke7 46. Ke4
Kd6 47. Kf5 Rb7 48. Kg6 Re7 49. Rd3 a5 50. f5 Rb7 51. g4 Rc7 52. f6 gxf6 53.
Kxf6 Rc4 54. Kf5 Rc2 55. Ra3 Rf2+ 56. Kg6 Rf4 57. Rg3 Rf2 58. Ra3 Rf4 59. Rxa5
Rxg4+ 60. Kxh6 Rd4 1/2-1/2

[Event "XV C.to Europeo Seniores Over 50"]
[Site "Eretria GRE"]
[Date "2015.05.03"]
[Round "5"]
[White "Sturua, Zurab"]
[Black "Bruno, Fabio"]
[WhiteElo "2536"]
[BlackElo "2418"]
[Result "1-0"]
[PlyCount "81"]
[EventDate "2015.04.29"]

1. c4 e6 2. Nc3 Nf6 3. e4 d5 4. e5 d4 5. exf6 dxc3 6. bxc3 Qxf6 7. Nf3 c5 8. d4
h6 9. Rb1 Bd6 10. Bd3 O-O 11. Qe2 Nc6 12. Qe4 Qf5 13. Qe3 cxd4 14. cxd4 Qa5+
15. Bd2 Bb4 16. Be4 Bxd2+ 17. Qxd2 Qc7 18. O-O Rd8 19. Rfd1 Ne7 20. Qb4 f5 21.
Bc2 b6 22. d5 exd5 23. cxd5 Qd6 24. Qxd6 Rxd6 25. Bb3 Bb7 26. Nd4 a6 27. Re1
Kf8 28. Ne6+ Kf7 29. Nxg7 Rd7 30. d6+ Kxg7 31. Rxe7+ Rxe7 32. dxe7 Re8 33. Bc2
Rxe7 34. Bxf5 b5 35. a3 Re2 36. a4 b4 37. Bd3 Rd2 38. Rxb4 Bxg2 39. Kxg2 Rxd3
40. Rb6 a5 41. Rb5 1-0

[Event "XV C.to Europeo Seniores Over 50"]
[Site "Eretria GRE"]
[Date "2015.05.04"]
[Round "6"]
[White "Bellia, Fabrizio"]
[Black "Barle, Janez"]
[WhiteElo "2433"]
[BlackElo "2347"]
[Result "1/2-1/2"]
[PlyCount "256"]
[EventDate "2015.04.29"]

1. e4 e5 2. Nf3 Nc6 3. Bc4 Be7 4. d3 Nf6 5. O-O O-O 6. Bb3 d6 7. c3 Be6 8. Nbd2
Bxb3 9. Qxb3 Na5 10. Qa4 c5 11. b4 cxb4 12. cxb4 Nc6 13. b5 Nb8 14. Nc4 Nbd7
15. Ba3 Nb6 16. Nxb6 axb6 17. Qb3 Qd7 18. Bb2 Rac8 19. a4 h6 20. h3 Qe6 21.
Qxe6 fxe6 22. Rfc1 Nd7 23. Ba3 Kf7 24. Kf1 d5 25. Bb2 Bd6 26. Ke2 Ke7 27. Nd2
Rxc1 28. Bxc1 Nc5 29. Bb2 Ra8 30. exd5 exd5 31. d4 exd4 32. Bxd4 Re8 33. a5
bxa5 34. Rxa5 Kf7+ 35. Kd1 Ne6 36. Ra4 Rc8 37. Bb6 Bc5 38. Ra7 Rb8 39. Bxc5
Nxc5 40. Nf3 Re8 41. Nd4 Kf6 42. b6 Re4 43. Nc2 Ra4 44. Ne1 Ke6 45. Kc2 Rc4+
46. Kd1 Rb4 47. Ra5 Kd6 48. Ra8 Rxb6 49. Rd8+ Ke6 50. Rg8 Kf7 51. Rd8 Ne4 52.
Nd3 Nf6 53. Kd2 Rb1 54. Ke3 Ke7 55. Rb8 Rb5 56. Kd4 Rb1 57. g4 Rb5 58. f4 g5
59. f5 h5 60. h4 hxg4 61. hxg5 Ne4 62. f6+ Nxf6 63. gxf6+ Kxf6 64. Rf8+ Ke7 65.
Rg8 Ra5 66. Ne5 Ke6 67. Nxg4 Ra4+ 68. Kc3 Rf4 69. Kd3 b5 70. Ne3 Ra4 71. Re8+
Kf7 72. Rb8 Ke6 73. Nc2 Ke5 74. Rxb5 Rh4 75. Rb8 Rh3+ 76. Ne3 d4 77. Re8+ Kd6
78. Kxd4 Rh4+ 79. Kd3 Kd7 80. Ra8 Kc6 81. Rg8 Kc5 82. Rg5+ Kc6 83. Nf5 Ra4 84.
Nd4+ Kd6 85. Ke4 Ra1 86. Rg6+ Ke7 87. Nc6+ Kf7 88. Ne5+ Ke7 89. Nf3 Kf7 90. Rb6
Rf1 91. Rb7+ Kf6 92. Rb6+ Ke7 93. Nd4 Re1+ 94. Kd5 Kf7 95. Rb2 Rf1 96. Ke5 Re1+
97. Kd6 Rd1 98. Rf2+ Kg6 99. Kd5 Re1 100. Nc6 Rd1+ 101. Ke6 Re1+ 102. Ne5+ Kg5
103. Rf5+ Kh4 104. Kd5 Kg3 105. Rf3+ Kg2 106. Ra3 Rd1+ 107. Ke4 Rb1 108. Ke3
Rb4 109. Ra8 Rb3+ 110. Nd3 Rb7 111. Nf4+ Kg3 112. Rg8+ Kh4 113. Nd5 Rf7 114.
Ke4 Kh5 115. Ne3 Kh6 116. Nf5+ Kh7 117. Rg1 Ra7 118. Ke5 Ra6 119. Rh1+ Kg8 120.
Ne7+ Kg7 121. Nf5+ Kg8 122. Rb1 Ra5+ 123. Kf6 Ra6+ 124. Kg5 Kf7 125. Re1 Rg6+
126. Kf4 Ra6 127. Kg5 Rg6+ 128. Kf4 Ra6 1/2-1/2

[Event "XV C.to Europeo Seniores Over 50"]
[Site "Eretria GRE"]
[Date "2015.05.05"]
[Round "7"]
[White "Ilandzis, Spyridon"]
[Black "Bellia, Fabrizio"]
[WhiteElo "2151"]
[BlackElo "2433"]
[Result "0-1"]
[PlyCount "106"]
[EventDate "2015.04.29"]

1. d4 Nf6 2. c4 e6 3. Nf3 d5 4. Nc3 Be7 5. Bg5 h6 6. Bxf6 Bxf6 7. e3 O-O 8. Qc2
c5 9. dxc5 dxc4 10. Bxc4 Qa5 11. O-O Bxc3 12. Qxc3 Qxc3 13. bxc3 Nd7 14. c6
bxc6 15. Rab1 c5 16. Rfd1 Nb6 17. Be2 Bb7 18. Ne5 Rfd8 19. Rxd8+ Rxd8 20. Rd1
Rc8 21. c4 Ba6 22. Rd6 Bb7 23. f4 Be4 24. Kf2 Rc7 25. Rd8+ Kh7 26. Rf8 Bg6 27.
Rd8 Bb1 28. a3 f6 29. Nf3 Kg6 30. Nh4+ Kf7 31. Rd1 Be4 32. g4 g5 33. Nf3 Ke7
34. h4 gxf4 35. exf4 Rc8 36. Nd2 Bg6 37. Nf1 Na4 38. Rd2 Rb8 39. Ne3 Nc3 40.
Bf3 Ne4+ 41. Bxe4 Bxe4 42. f5 Rb3 43. fxe6 Kxe6 44. Rd8 Ke5 45. Nd5 Rxa3 46.
Re8+ Kd4 47. Rf8 f5 48. gxf5 Rf3+ 49. Ke2 Rxf5 50. Ra8 Bd3+ 51. Kd2 Bxc4 52.
Ne7 Rf2+ 53. Kd1 Kc3 0-1

[Event "XV C.to Europeo Seniores Over 50"]
[Site "Eretria GRE"]
[Date "2015.05.06"]
[Round "8"]
[White "Nunn, John Denis Martin"]
[Black "Bellia, Fabrizio"]
[WhiteElo "2601"]
[BlackElo "2433"]
[Result "1/2-1/2"]
[PlyCount "63"]
[EventDate "2015.04.29"]

1. e4 e5 2. Nf3 Nc6 3. Bb5 a6 4. Ba4 Nf6 5. O-O Be7 6. Re1 b5 7. Bb3 d6 8. c3
O-O 9. h3 Nb8 10. d4 Nbd7 11. Nbd2 Bb7 12. Bc2 Re8 13. a4 Bf8 14. Bd3 c6 15. b3
g6 16. Bb2 Bg7 17. Qc2 Qb6 18. Bf1 Nh5 19. Rac1 Nf4 20. Ba3 c5 21. d5 Rf8 22.
Ra1 f5 23. c4 b4 24. Bb2 Rae8 25. g3 Nh5 26. exf5 gxf5 27. Nh4 e4 28. Be2 Bxb2
29. Bxh5 Bxa1 30. Bxe8 Rxe8 31. Nxf5 e3 32. Rxa1 1/2-1/2

[Event "XV C.to Europeo Seniores Over 50"]
[Site "Eretria GRE"]
[Date "2015.05.07"]
[Round "9"]
[White "Bellia, Fabrizio"]
[Black "Arkell, Keith C."]
[WhiteElo "2433"]
[BlackElo "2493"]
[Result "1/2-1/2"]
[PlyCount "112"]
[EventDate "2015.04.29"]

1. e4 c6 2. d4 d5 3. Nc3 dxe4 4. Nxe4 Nd7 5. Nf3 Ngf6 6. Nc3 g6 7. g3 Bg7 8.
Bg2 O-O 9. O-O Nb6 10. Re1 Be6 11. Rxe6 fxe6 12. Ng5 e5 13. Ne6 Qd6 14. Nxf8
exd4 15. Nxg6 dxc3 16. Qxd6 exd6 17. Ne7+ Kf7 18. Nf5 cxb2 19. Bxb2 Bf8 20. Rb1
d5 21. Bd4 Rd8 22. a4 c5 23. Be3 Rd7 24. Bh3 Nc4 25. Nh6+ Bxh6 26. Bxh6 Re7 27.
Bf1 b6 28. Bf4 Ne4 29. Rd1 Nf6 30. Bc1 a6 31. h3 b5 32. axb5 axb5 33. g4 d4 34.
Bg5 Re5 35. Bf4 Re8 36. Ra1 Nd5 37. Bg5 Nb4 38. Ra7+ Ke6 39. f4 Nxc2 40. f5+
Ke5 41. Rc7 Ke4 42. Bg2+ Kd3 43. f6 Rf8 44. Rxc5 N2e3 45. Rxb5 Nxg2 46. Kxg2
Ke4 47. Rb4 Ne3+ 48. Bxe3 Kxe3 49. g5 d3 50. Rb7 d2 51. Rd7 h6 52. h4 hxg5 53.
hxg5 Kf4 54. Rxd2 Kxg5 55. Rd6 Rxf6 56. Rxf6 Kxf6 1/2-1/2

[Event "XV C.to Europeo Seniores Over 50"]
[Site "Eretria GRE"]
[Date "2015.05.07"]
[Round "9"]
[White "Berkovich, Mark A."]
[Black "Bruno, Fabio"]
[WhiteElo "2362"]
[BlackElo "2418"]
[Result "1/2-1/2"]
[PlyCount "195"]
[EventDate "2015.04.29"]

1. Nf3 Nf6 2. g3 b5 3. Bg2 Bb7 4. d4 e6 5. O-O Be7 6. Bg5 d6 7. c3 Nbd7 8. a4
a6 9. Na3 Rb8 10. Bxf6 Bxf6 11. Qd3 bxa4 12. Nc4 Nb6 13. Nxb6 cxb6 14. Rxa4 O-O
15. Nd2 Bc8 16. b4 Qc7 17. Ra3 d5 18. e4 dxe4 19. Bxe4 g6 20. h4 Rd8 21. Bg2
Be7 22. Raa1 e5 23. d5 b5 24. Nb3 f5 25. Rfd1 Bb7 26. Qe3 Rbc8 27. Na5 e4 28.
Nxb7 Qxb7 29. f3 Bf6 30. fxe4 Rxc3 31. Qf2 Be5 32. exf5 Bxg3 33. Qd4 Rc4 34. d6
Qxg2+ 35. Kxg2 Rxd4 36. Rxd4 Be5 37. Rad1 Bxd4 38. Rxd4 gxf5 39. Rd5 Kg7 40. d7
Kf6 41. Rd6+ Ke5 42. Rxa6 Rxd7 43. Rb6 Rd5 44. Kf3 h5 45. Rb8 Rd3+ 46. Kg2 Kf4
47. Rxb5 Rd2+ 48. Kh3 Rd3+ 49. Kg2 Kg4 50. Kf2 Rb3 51. Rb8 Rb2+ 52. Kg1 Kxh4
53. b5 Kg3 54. Rg8+ Kf4 55. Rb8 Kg3 56. Rg8+ Kf3 57. Rb8 f4 58. b6 Rg2+ 59. Kh1
Rb2 60. b7 h4 61. Kg1 h3 62. Kh1 Rb6 63. Kg1 Rb5 64. Kh1 h2 65. Ra8 Rxb7 66.
Ra3+ Kf2 67. Ra2+ Kg3 68. Rg2+ Kf3 69. Rg3+ Ke4 70. Ra3 Rh7 71. Rb3 Kf5 72. Ra3
Kg4 73. Rb3 Re7 74. Kxh2 Re3 75. Rb8 Kf3 76. Ra8 Kf2 77. Ra1 Re1 78. Ra2+ Re2
79. Ra1 f3 80. Kh3 Rb2 81. Kh2 Rc2 82. Kh3 Rd2 83. Kh2 Rc2 84. Kh3 Ke3 85. Ra3+
Ke2 86. Ra1 Kf2 87. Kh2 Rd2 88. Kh3 Ke3 89. Ra3+ Rd3 90. Ra2 Rd8 91. Ra3+ Ke2
92. Ra2+ Rd2 93. Ra1 f2 94. Kg2 Rd8 95. Ra2+ Ke1 96. Ra1+ Rd1 97. Rxd1+ Kxd1
98. Kxf2 1/2-1/2

[Event "XV C.to Europeo Seniores Over 65"]
[Site "Eretria GRE"]
[Date "2015.04.29"]
[Round "1"]
[White "Pushkov, Nikolai"]
[Black "Valenti, Giuseppe"]
[WhiteElo "2313"]
[BlackElo "2052"]
[Result "1/2-1/2"]
[PlyCount "126"]
[EventDate "2015.04.29"]

1. Nf3 Nf6 2. c4 c5 3. Nc3 e6 4. g3 b6 5. Bg2 Bb7 6. O-O Be7 7. Re1 d6 8. e4 a6
9. d4 cxd4 10. Nxd4 Qc7 11. Be3 Nbd7 12. Rc1 Rc8 13. b3 Nc5 14. f3 O-O 15. Bf2
Qb8 16. Qe2 Ba8 17. f4 h6 18. b4 Ncd7 19. f5 e5 20. Nb3 Rc7 21. Nd5 Nxd5 22.
cxd5 Bb7 23. Rxc7 Qxc7 24. Rc1 Qb8 25. Be3 Rc8 26. Qd2 Rxc1+ 27. Qxc1 Qc8 28.
Qxc8+ Bxc8 29. a4 f6 30. Nd2 Bd8 31. Nc4 Bc7 32. Bf3 Kf8 33. Kf2 Ke7 34. Bd1
Bb7 35. h4 Kf7 36. g4 Ke7 37. g5 hxg5 38. hxg5 Kf7 39. Kf3 fxg5 40. Bxg5 Nf6
41. Be2 Bc8 42. Be3 Nd7 43. Bf2 Ke7 44. Bd3 Kf7 45. a5 b5 46. Nb6 Bxb6 47. Bxb6
Nf6 48. Kg3 Bd7 49. Kh4 Ke7 50. Kg5 Be8 51. Kh4 Bd7 52. Be3 Be8 53. Bg5 Kf8 54.
Kg3 Nh5+ 55. Kf3 Nf6 56. Ke3 Bd7 57. Be2 Be8 58. Bf3 Kg8 59. Kf2 Kf8 60. Kg3
Kg8 61. Kh4 Kf8 62. Be3 Ke7 63. Bb6 Bf7 1/2-1/2

[Event "XV C.to Europeo Seniores Over 65"]
[Site "Eretria GRE"]
[Date "2015.05.04"]
[Round "6"]
[White "Pedersen, Jan Rode"]
[Black "Valenti, Giuseppe"]
[WhiteElo "2208"]
[BlackElo "2052"]
[Result "1-0"]
[PlyCount "53"]
[EventDate "2015.04.29"]

1. e4 e6 2. d4 d5 3. Nd2 dxe4 4. Nxe4 Nd7 5. Nf3 Ngf6 6. Bd3 Nxe4 7. Bxe4 Nf6
8. Bd3 a6 9. Bg5 Be7 10. O-O O-O 11. Qe2 h6 12. Bd2 b6 13. c4 Bb7 14. Bc3 Re8
15. Ne5 c5 16. Rad1 Qc7 17. Rfe1 Bd6 18. dxc5 Bxc5 19. Ng4 Nxg4 20. Qxg4 Bf8
21. Bf6 Qc6 22. Be4 Qc8 23. Bxb7 Qxb7 24. Rd3 g6 25. Red1 Rac8 26. h4 h5 27.
Qf4 1-0

[Event "VI Open A"]
[Site "Forni di Sopra ITA"]
[Date "2015.06.13"]
[Round "1"]
[White "Behling, Robert"]
[Black "Bruno, Fabio"]
[WhiteElo "2094"]
[BlackElo "2420"]
[Result "0-1"]
[PlyCount "80"]
[EventDate "2015.06.13"]

1. c4 e6 2. Nf3 d5 3. g3 c5 4. Bg2 Nc6 5. O-O Nf6 6. cxd5 exd5 7. d4 h6 8. b3
Be6 9. Bb2 Rc8 10. Nc3 b6 11. Rc1 Be7 12. dxc5 bxc5 13. Na4 Nb4 14. a3 Na6 15.
Ne5 O-O 16. Qd3 Qd6 17. Rfd1 Rfd8 18. e3 Nb8 19. Qb5 Nbd7 20. Nxd7 Nxd7 21. Qa5
Rb8 22. Bxd5 Bxd5 23. e4 Nb6 24. exd5 Rdc8 25. Nc3 Qg6 26. Ne2 Bd6 27. Qc3 c4
28. b4 a5 29. b5 Na4 30. Qc2 Rxb5 31. Qxa4 Rxb2 32. Nd4 Qf6 33. Rc2 c3 34. Qxa5
Rxc2 35. Nxc2 Bc5 36. Ne3 Bxe3 37. fxe3 Qf3 38. Re1 Qe4 39. d6 Qd3 40. Qa4 c2
0-1

[Event "VI Open A"]
[Site "Forni di Sopra ITA"]
[Date "2015.06.13"]
[Round "1"]
[White "Bellia, Fabrizio"]
[Black "Seresin, Francesco"]
[WhiteElo "2450"]
[BlackElo "2102"]
[Result "1/2-1/2"]
[PlyCount "115"]
[EventDate "2015.06.13"]

1. e4 e5 2. Nf3 Nc6 3. Bc4 Nf6 4. d3 Bc5 5. O-O O-O 6. Bb3 d6 7. c3 Bg4 8. h3
Bh5 9. Nbd2 d5 10. Qe2 dxe4 11. dxe4 Bg6 12. Nh4 Qe7 13. Nxg6 hxg6 14. g4 Nd8
15. Nc4 Nd7 16. Qf3 Nb6 17. Nxb6 Bxb6 18. Qg3 c6 19. h4 Ne6 20. h5 gxh5 21.
gxh5 Qf6 22. Qg4 Nf4 23. Bxf4 Qxf4 24. Qxf4 exf4 25. Kg2 Rfd8 26. Rad1 Rxd1 27.
Rxd1 Rd8 28. Rxd8+ Bxd8 29. Kh3 Bb6 30. f3 Kf8 31. Kg4 Be3 32. Bc2 Ke7 33. Kf5
Bc1 34. b3 Bd2 35. Bd3 b6 36. a4 a5 37. Ba6 g6+ 38. hxg6 fxg6+ 39. Kxg6 Bxc3
40. Kf5 Bd2 41. Bb7 Be3 42. Bxc6 Bd2 43. Bd5 Bc1 44. Bc4 Be3 45. Ke5 Bc1 46.
Kd5 Be3 47. Kc6 Bg1 48. e5 Bf2 49. b4 axb4 50. Kb5 Bd4 51. e6 Bg1 52. Bb3 Bf2
53. Kxb4 Be3 54. Kb5 Bf2 55. Kc6 Be3 56. Kd5 Bg1 57. Kc6 Be3 58. Kb5 1/2-1/2

[Event "VI Open A"]
[Site "Forni di Sopra ITA"]
[Date "2015.06.13"]
[Round "1"]
[White "Bergamasco, Tommaso"]
[Black "Vezzosi, Paolo"]
[WhiteElo "2090"]
[BlackElo "2350"]
[Result "0-1"]
[PlyCount "52"]
[EventDate "2015.06.13"]

1. d4 Nf6 2. Bg5 d5 3. Nf3 Ne4 4. Bf4 c6 5. Nbd2 Bf5 6. e3 e6 7. Bd3 Be7 8. O-O
Nd7 9. Bxe4 dxe4 10. Ne5 g5 11. Bg3 h5 12. f3 exf3 13. e4 fxg2 14. Kxg2 Nxe5
15. Bxe5 Bg4 16. Nf3 f6 17. Bg3 h4 18. Be1 Qc7 19. c4 O-O-O 20. Qa4 Bxf3+ 21.
Rxf3 Rxd4 22. Qxa7 Rxc4 23. Bf2 Qb8 24. Qa5 Rd8 25. Qb6 Rb4 26. Qe3 Rxb2 0-1